000 00354 a2200169 4500
001 70943
020 _a9788516061425
040 _cAnchieta - Itaigara
100 _aBurroughs, Edgar Rice
240 1 0 _aTarzan
_lpor
245 1 0 _aTarzan
300 _a28
362 0 _a2008
440 1 _aModerna
650 4 _aLiteratura infanto-juvenil
942 _cBK
999 _c70943
_d70943